Dos periódicos al servicio de las marcas globalizadoras

Gardado en:
Detalles Bibliográficos
Formato: Texto
Materias:
Etiquetas: Engadir etiqueta
Sen Etiquetas, Sexa o primeiro en etiquetar este rexistro!

MARC

LEADER 00000 a a2200000 04500
001 6819
003
040
245 |a Dos periódicos al servicio de las marcas globalizadoras  
650 |a MEDIOS DE COMUNICACION  
650 |a GLOBALIZACION  
650 |a EL SALVADOR  
773 |g volumen 28, número 1248; páginas 9-10  
999 |c 29400  |d 29400